| 000 | 00428nam a2200145Ia 4500 | ||
|---|---|---|---|
| 008 | 151213s9999 xx 000 0 und d | ||
| 100 | _aThe Quarterly Journal Of The B I D S | ||
| 245 |
_aThe Bangladesh Development Study _cThe Quarterly Journal Of The B I D S |
||
| 260 |
_aB I D S _cMar-00 |
||
| 300 | _a1561 p. | ||
| 650 | _aEconomics | ||
| 650 | _aEconomics | ||
| 700 | _aThe Quarterly Journal Of The B I D S | ||
| 999 |
_c1200 _d1200 |
||